00512nam a2200193 a 4500001001300000003000900013005001700022008004100039020001100080082001800091100002600109245004600135260003700181300001000218500003500228505001000263650001900273700002600292nice12345678IN_TiNIC20260116011531.0050524s1962 hyda grp 000 0 urd  ac2.2500a297.1226bABD aAbdul Qadir, Abulfida aSarchashma-E-Qur`anb Dr. Tisdil Ka Jawab aHyderabadbDeendar Anjumanc1962 a348p. aincludes index and biblioraphy2 aIndex aQuran-Theology1 aAbdul Qadir, Abulfida